The empire and the papacy (Record no. 553375)

000 -LEADER
fixed length control field 00549cam a2200157K 4500
082 04 - DEWEY DECIMAL CLASSIFICATION NUMBER
Classification number 940.1
Author Mark TOU
100 1# - MAIN ENTRY--PERSONAL NAME
Personal name Tout, T. F.
9 (RLIN) 50621
245 14 - TITLE STATEMENT
Title The empire and the papacy
Remainder of title 918-1273,
Statement of responsibility, etc. by T.F. Tout.
260 ## - PUBLICATION, DISTRIBUTION, ETC.
Place of publication, distribution, etc. London,
Name of publisher, distributor, etc. Rivingtons,
Date of publication, distribution, etc. 1909.
300 ## - PHYSICAL DESCRIPTION
Extent 1 online resource (vii, [1], 526 p.)
Other physical details illus. (maps, geneal. tables)
490 0# - SERIES STATEMENT
Series statement Periods of European history Period II
526 ## - STUDY PROGRAM INFORMATION NOTE
Program name 0
Interest level 0
Reading level 0
Title point value 940_100000000000000_TOU
650 #0 - SUBJECT ADDED ENTRY--TOPICAL TERM
Topical term or geographic name entry element Papacy.
9 (RLIN) 50622
856 40 - ELECTRONIC LOCATION AND ACCESS
Uniform Resource Identifier <a href="http://catalog.hathitrust.org/api/volumes/oclc/6681837.html">http://catalog.hathitrust.org/api/volumes/oclc/6681837.html</a>
942 ## - ADDED ENTRY ELEMENTS (KOHA)
Source of classification or shelving scheme
Koha item type Book
Holdings
Withdrawn status Lost status Source of classification or shelving scheme Damaged status Not for loan Permanent Location Current Location Shelving location Date acquired Total Checkouts Full call number Barcode Date last seen Price effective from Koha item type
          Military College of Engineering (MCE) Military College of Engineering (MCE)   02/09/2015   940.1 TOU MCE-ECE/24 02/09/2015 02/09/2015 Book
© 2023 Central Library, National University of Sciences and Technology. All Rights Reserved.